Realities of free trade

সংরক্ষণ করুন:
গ্রন্থ-পঞ্জীর বিবরন
প্রধান লেখক: Burn, Duncan
বিন্যাস: গ্রন্থ
ভাষা:Undetermined
প্রকাশিত: London George Allen & Unwin Ltd. 1972
বিষয়গুলি:
ট্যাগগুলো: ট্যাগ যুক্ত করুন
কোনো ট্যাগ নেই, প্রথমজন হিসাবে ট্যাগ করুন!
Thư viện lưu trữ: Trung tâm Học liệu Trường Đại học Cần Thơ
LEADER 00491nam a2200169Ia 4500
001 CTU_79607
008 210402s9999 xx 000 0 und d
082 |a 382.45 
082 |b B963 
100 |a Burn, Duncan 
245 0 |a Realities of free trade 
245 0 |c Duncan Burn, Barbara Epstein, Harry G. Johnson 
260 |a London 
260 |b George Allen & Unwin Ltd. 
260 |c 1972 
650 |a Chemical industry,Free trade 
980 |a Trung tâm Học liệu Trường Đại học Cần Thơ